تخطي إلى المحتوى
Inicio
Centros participantes
Catálogo
Servicios
Contacto
تسجيل الدخول
English
Deutsch
Español
Français
Italiano
日本語
Nederlands
Português
Português (Brasil)
中文(简体)
中文(繁體)
Türkçe
עברית
Gaeilge
Cymraeg
Ελληνικά
Català
Euskara
Русский
Čeština
Suomi
Svenska
polski
Dansk
slovenščina
اللغة العربية
বাংলা
Galego
Tiếng Việt
Hrvatski
हिंदी
Հայերէն
Українська
Sámegiella
اللغة
كل الحقول
العنوان
المؤلف
الموضوع
رقم الاستدعاء
ردمك/تدمد
الوسم
ابحث
بحث متقدم
Educación superior integración...
استشهد بهذا
أرسل هذا بالبريد الإلكتروني
طباعة
تصدير التسجيلة
تصدير إلى RefWorks
تصدير إلى EndNoteWeb
تصدير إلى EndNote
أضف إلى المفضلة
رابط دائم
إضافة أول تقييم
Educación superior integración y desarrollo sostenible
محفوظ في:
التفاصيل البيبلوغرافية
مؤلف مشترك:
CSUCA
التنسيق:
نص
منشور في:
San José:
CSUCA
الوسوم:
إضافة وسم
لا توجد وسوم, كن أول من يضع وسما على هذه التسجيلة!
المقتنيات
الوصف
التعليقات
مواد مشابهة
عرض للأخصائي
MARC
LEADER
00000 a a2200000 04500
001
22821
003
040
090
|a
157101
110
|a
CSUCA
245
|a
Educación superior integración y desarrollo sostenible
260
|a
San José:
|b
CSUCA
300
|a
13 p.
999
|c
4226
|d
4226
مواد مشابهة
Educación superior integración y desarrollo sostenible
Educación superior, cooperación internacional y desarrollo humano sostenible /
حسب: Mora Alfaro, Jorge
منشور في: (1998)
Información y recursos humanos para la integración y el desarrollo sostenible. II Plan de integración regional de la educación superior centroamericana-PIRESC: 1 etapa
Educación para el desarrollo sostenible: un cambio de actitud /
حسب: Castro, Ana Lorena
Desarrollo sostenible /
حسب: Negret, Rafael